000 00396nam a2200169Ia 4500
001 8980
003 IN-NITTTR
005 20251114233043.0
008 251113s9999||||xx |||||||||||||| ||eng||
040 _beng
040 _cIN-NITTTR
041 _aeng
082 _a720.28 S58M
100 _aSanoff, Henry
245 0 _aMethods of architectural programming. /
_cSanoff, Henry
942 _2ddc
_cBK
999 _c11617
_d11617